| 000 | 00799cab a2200229 4500 | ||
|---|---|---|---|
| 001 | A381 | ||
| 008 | 090401t1984 xxu||||| |||| 00| 0 eng d | ||
| 035 | _a(Sirsi) u28850 | ||
| 041 | _aeng | ||
| 245 | _aDepartment of Transport v North West Water Authority | ||
| 260 | _c1984 | ||
| 350 | _a0 | ||
| 490 |
_aAll England Law Reports _v1984 AllER 273- |
||
| 520 | _aHighway - public utilities - nuisance - burst water main - escape of water - constituting nuisance - damage to street - water authority not negligent - whether liable to street authority for cost of repair. | ||
| 650 | _aLOCAL AUTHORITIES | ||
| 650 | _aNEGLIGENCE | ||
| 650 | _aPUBLIC UTILITIES ACT 1950 S18(2) | ||
| 650 | _aWATER MAINS | ||
| 690 | _aHIGHWAYS AND RIGHTS OF WAY-CASE LAW | ||
| 942 | _n0 | ||
| 948 | _c04/03/1997 | ||
| 999 |
_c19406 _d19406 |
||